Women empowerment in india: (Record no. 193549)

MARC details
000 -LEADER
fixed length control field 00623nam a22001817a 4500
005 - DATE AND TIME OF LATEST TRANSACTION
control field 20221102123111.0
010 ## - LCCN (DPL NO)
LC control number ENG-135597
020 ## - INTERNATIONAL STANDARD BOOK NUMBER
International Standard Book Number 9788173414831
Terms of availability 1295.00
035 ## - SYSTEM CONTROL NUMBER
System control number EN-119129
037 ## - SOURCE OF ACQUISITION
Source of stock number/acquisition DBAD/PUB
082 ## - DEWEY DECIMAL CLASSIFICATION NUMBER
Classification number 305.4
100 ## - MAIN ENTRY--PERSONAL NAME
Personal name Srivastav, V.P.
245 ## - TITLE STATEMENT
Title Women empowerment in india:
Remainder of title issues and challenges/
Statement of responsibility, etc by V.P. Srivastav
260 ## - PUBLICATION, DISTRIBUTION, ETC. (IMPRINT)
Place of publication, distribution, etc Delhi
Name of publisher, distributor, etc Indian publishers distributors
Date of publication, distribution, etc 2011
270 ## - ADDRESS
Address 166-D, Kamla nagar
City Delhi
Postal code 110007
Telephone number 011-23846233
Electronic mail address ipd@mailandnews.com
Fax number 011-23846233
300 ## - PHYSICAL DESCRIPTION
Extent viii; 613p.
Dimensions 23cm(pbk)
Other physical details Bibliography & Index
942 ## - ADDED ENTRY ELEMENTS (KOHA)
Source of classification or shelving scheme Dewey Decimal Classification
Item type English Books
Call number suffix SRI
Classification part 305.4
Holdings
Withdrawn status Lost status Not for loan Collection code Home library Current library Date acquired Source of acquisition Cost, normal purchase price Full call number Barcode Copy number Cost, replacement price Koha item type
      Non-fiction R.K.Puram-8 R.K.Puram-8 02/11/2022 DBAD/PUB 1295.00 305.4 SRI EN-119129 1 1295.00 English Books

© Delhi Public Library
Hit Counter
free hit counter